| 000 | 00706nam a2200181Ia 4500 | ||
|---|---|---|---|
| 008 | 151018s9999 xx 000 0 und d | ||
| 082 |
_bRBASDV12690 _a891.463 |
||
| 100 | _aसरोजिनी शारंगपाणी | ||
| 245 | _aतिमिराचे हरवले नयन किती | ||
| 250 | _b1 | ||
| 260 |
_bसरोज प्रकाशन _c1979 |
||
| 300 | _a312 | ||
| 600 | _aसरोजिनी शारंगपाणी | ||
| 630 | _aतिमिराचे हरवले नयन किती | ||
| 700 | _aसरोजिनी शारंगपाणी | ||
| 730 | _aतिमिराचे हरवले नयन किती | ||
| 942 | _cBOOK | ||
| 999 |
_c1014934 _d1014931 |
||